LEADER 01491cam2-2200445---450- 001 990002696580203316 005 20110110132625.0 035 $a000269658 035 $aUSA01000269658 035 $a(ALEPH)000269658USA01 035 $a000269658 100 $a20051222g20042005km-y0itay50------ba 101 $aita 102 $aIT 105 $a||||||||001yy 200 1 $a<> letteratura francescana$fa cura di Claudio Leonardi, con la collaborazione di Daniele Solvi 210 $aMilano$cFondazione Lorenzo Valla$cA. Mondadori$d2004-2005 215 $a2 v.$d21 cm 225 2 $aScrittori greci e latini 410 1$1001000271188$12001$aScrittori greci e latini 606 0 $aFrancescanesimo$zSec. 13.-14.$xFonti 676 $a271.3 702 1$aLEONARDI,$bClaudio$f<1926-2010> 702 1$aSOLVI,$bDaniele 801 0$aIT$bsalbc$gISBD 912 $a990002696580203316 951 $aV.3. Coll. 17/21/$bL.M.$cV.3. Coll. 959 $aBK 969 $aUMA 979 $aVITALE$b90$c20051222$lUSA01$h1201 979 $aVITALE$b90$c20060124$lUSA01$h1257 979 $aCHIARA$b90$c20060221$lUSA01$h1124 979 $aCHIARA$b90$c20060221$lUSA01$h1124 979 $aCHIARA$b90$c20060221$lUSA01$h1125 979 $aCHIARA$b90$c20060221$lUSA01$h1125 979 $aANNAMARIA$b90$c20061011$lUSA01$h1321 979 $aANNAMARIA$b90$c20061011$lUSA01$h1325 979 $aANNAMARIA$b90$c20110110$lUSA01$h1326 996 $aLetteratura francescana$91001396 997 $aUNISA